|
|
|
|
| LEADER |
03523nam a2200625 i 4500 |
| 001 |
mzk03001234445 |
| 003 |
CZ BrMZK |
| 005 |
20170407085959.0 |
| 007 |
ta |
| 008 |
170324s1660 au af fr|||||00| ||latod |
| 040 |
|
|
|a BOA001
|b cze
|e rda
|
| 072 |
|
7 |
|a 27-78
|x Křesťanská sdružení, spolky a organizace. Řeholní řády
|2 Konspekt
|9 5
|
| 072 |
|
7 |
|a 094
|x Staré tisky
|2 Konspekt
|9 12
|
| 080 |
|
|
|a 27-789.32
|2 MRF
|
| 080 |
|
|
|a 27-36
|2 MRF
|
| 080 |
|
|
|a 27-145.55
|2 MRF
|
| 080 |
|
|
|a 025.171
|2 MRF
|
| 080 |
|
|
|a (0.068)094
|2 MRF
|
| 080 |
|
|
|a (092)
|2 MRF
|
| 100 |
1 |
|
|a Pacheco, Miguel,
|d -1668
|7 mzk2010591606
|4 aut
|
| 245 |
1 |
0 |
|a EPITOME VITAE ET MIRACULORUM DIVI ANTONII, Oriundi quidem Olysippone percelebri Civitate, vulgo tamen dicti PADVANI, Rarioribus considerationibus, & efficacibus testimonijs adornata, quibus à Pontificibus, Cardinalibus, Patribus, alijsque fide dignis Authoribus Sanctus hic celebratur. Ad majorem DEI, Deiparaeq; Virginis gloriam, nec non peculiarem Divi hujus Venerationem, animarumq, salutem promovendam /
|c Per Fratres Minores Conventuales Ord: S. Francisci ad S. Crucem Viennae, tam Theutonico quàm Latio idiomata denuo in lucem edita
|
| 246 |
3 |
8 |
|a Vita S. Antonij de Padua
|
| 264 |
|
1 |
|a [Viennae] :
|b Typis Matthaei Cosmerovij, S. C. M. Typogr.,
|c 1660
|
| 300 |
|
|
|a 12 nečíslovaných stran, 348 stran, 2 nečíslované přílohy ;
|c 8°
|
| 336 |
|
|
|a text
|b txt
|2 rdacontent
|
| 337 |
|
|
|a bez média
|b n
|2 rdamedia
|
| 338 |
|
|
|a svazek
|b nc
|2 rdacarrier
|
| 500 |
|
|
|a Rozsah: [12], 348 s., [2] příl.
|
| 500 |
|
|
|a Výzdoba: Mědirytinový frontispis s vyobrazením sv. Antonína Paduánského se zvířaty a lidmi, v dolní části text: S. ANTONIVS DE PADVA (G. Bouttats vniuers: vien: s.), vlysy, iniciály, viněty, v textu se nachází mědirytinová ilustrace erbu (Insignia Donnae Teresiae Taveiae Matris S. ANTONII), přílohu tvoří alegorická mědirytina se sv. Antonínem Paduánským, který zhlíží z nebe, obklopený anděly, na postavy, které se nacházejí v obtížné životní situaci (hrozící ztroskotání, strach, smrt)
|
| 500 |
|
|
|a Na hřbetě nalepený štítek se signaturou XX. F. ß. 62.
|
| 510 |
3 |
|
|a DNB
|
| 561 |
|
|
|a Provenience: [m.p.] M[o]n[aste]rij S. Wenceslai in Brauna
|
| 561 |
|
|
|a Provenience: [razítko] S.A.B. BRAUNAU
|
| 561 |
|
|
|a Provenience: [razítko] SVK HK/2987
|
| 563 |
|
|
|a Původní pergamenová vazba, lepenkové desky, ořízka stříkaná modře, na hřbetě rukopisný nápisový štítek
|
| 600 |
0 |
7 |
|a Antonín Paduánský,
|c svatý,
|d 1195-1231
|7 jn20000700066
|2 czenas
|
| 650 |
|
7 |
|a františkáni
|7 ph120384
|2 czenas
|
| 650 |
|
7 |
|a křesťanští světci
|7 ph115082
|2 czenas
|
| 650 |
|
7 |
|a zázraky
|7 ph116811
|2 czenas
|
| 650 |
|
7 |
|a historické knihovní fondy
|7 ph172933
|2 czenas
|
| 655 |
|
7 |
|a staré tisky
|7 fd422076
|2 czenas
|
| 655 |
|
7 |
|a biografie
|7 fd131909
|2 czenas
|
| 700 |
0 |
|
|a Leopold
|b I.,
|c římsko-německý císař,
|d 1640-1705
|7 jn20000701036
|4 hnr
|
| 700 |
1 |
|
|a Bouttats, Gerhaert,
|d 1630-
|7 ola2010613204
|4 egr
|
| 856 |
4 |
2 |
|u http://reader.digitale-sammlungen.de/resolve/display/bsb11093014.html
|y Digitalizovaný dokument
|z Exemplář z Google Books
|
| 903 |
|
|
|a RP
|
| 910 |
|
|
|a NAG950
|b B - XX. F. bb. 62,1
|
| 978 |
|
|
|b Cosmerovius
|a Wien
|c 1660
|
| 982 |
0 |
|
|a Broumov - benediktinský klášter
|
| 982 |
0 |
|
|a Hradec Králové - SVK
|
| 984 |
|
|
|a Vídeň
|b Rakousko
|
| 985 |
|
|
|a 1651-1700
|
| 990 |
|
|
|a BK
|
| 991 |
|
|
|k broumov
|
| 980 |
|
|
|c 000399
|g B - XX. F. bb. 62,1
|1 458950000399
|p XX. G. 44.
|